Villes de la vallée du Robec - Statistiques

Statistiques générales
  • Ce quiz a été pris 3 fois
  • Le résultat moyen est 2 sur 5
Statistiques - réponses
Communes % Correct
Darnétal
100%
Rouen
100%
Saint Martin du Vivier
33%
Fontaine sous Préaux
0%
Roncherolles sur le Vivier
0%
Aucun quiz correspondant
Distribution des résultats
% des personnes avec chaque résultat
Percentile par nombre de réponses
Votre historique - résultats
Vous n’avez pas pris ce quiz